LEADER 01006nam--2200361---450- 001 990001683690203316 005 20040520130555.0 035 $a000168369 035 $aUSA01000168369 035 $a(ALEPH)000168369USA01 035 $a000168369 100 $a20040520d1979----km-y0itay0103----ba 101 $ager 102 $aDE 105 $a||||||||001yy 200 1 $aSchrift$fvon Alfred Heubeck 210 $aGottingen$cVandenhoeck & Ruprecht$d1979 215 $a205 p.$cill.$d24 cm 225 2 $aArcheologia Homerica$hBand III, Kapitel X 410 0$12001$aArcheologia Homerica$hBand III, Kapitel X 454 1$12001 461 1$1001-------$12001 676 $a411 700 1$aHEUBECK,$bAlfred$0186191 801 0$aIT$bsalbc$gISBD 912 $a990001683690203316 951 $aX B 120/3 10$b84322 L.M.$cX B 959 $aBK 969 $aUMA 979 $aSIAV9$b10$c20040520$lUSA01$h1302 979 $aSIAV9$b10$c20040520$lUSA01$h1305 996 $aSchrift$9948608 997 $aUNISA LEADER 01689nam 2200253la 450 001 9910482047003321 005 20221102160124.0 035 $a(UK-CbPIL)2090306131 035 $a(CKB)5500000000087401 035 $a(EXLCZ)995500000000087401 100 $a20221102d1625 uy | 101 0 $afre 135 $aurcn||||a|bb| 200 10$aDescription de touts les Pays-Bas, autrement appellez la Germanie Inferieure, ou basse Allemagne par messire Loys Guicciardini gentil-homme Fl;orentine maintenant reveu?e & augmente?e plus que la moitie?, par le mesme autheur, avec toutes les cartes geographicques desdicts pays & plusieurs pourtraicts de villes tirez au naturel. Derechef illustre?e de plusieurs histoires & narrations remarquables. Avec indice tres-ample des choses les plus memorables 210 $aAmsterdam $cJohannes Janssonius van Waesberge, fl. 1642-1681$d1625 215 $aOnline resource ([8], 454, [10] p, 2°) 300 $aReproduction of original in Koninklijke Bibliotheek, Nationale bibliotheek van Nederland. 700 $aGuicciardini$b Lodovico$f1521-1589.$0450077 801 0$bUk-CbPIL 801 1$bUk-CbPIL 906 $aBOOK 912 $a9910482047003321 996 $aDescription de touts les Pays-Bas, autrement appellez la Germanie Inferieure, ou basse Allemagne par messire Loys Guicciardini gentil-homme Fl;orentine maintenant reveu?e & augmente?e plus que la moitie?, par le mesme autheur, avec toutes les cartes geographicques desdicts pays & plusieurs pourtraicts de villes tirez au naturel. Derechef illustre?e de plusieurs histoires & narrations remarquables. Avec indice tres-ample des choses les plus memorables$91951858 997 $aUNINA